000 00439nam a22001697a 4500
003 NUST - PNEC
005 20170116181112.0
008 151004b xxu||||| |||| 00| 0 eng d
020 _a-
040 _cLIBRARY
082 _a954.9106327 AZI
100 _912992
_aAziz, K. K.
245 _aWorldpower and the 1971 breakup of Pakistan
_cK. K. Aziz
260 _cc.2003
650 _912993
_aBreakup of Pakistan
_xHistory
942 _2ddc
_cBK
999 _c69170
_d69170